000 00530nam a2200181 i 4500
001 32747
003 ES-MaACL
005 20230906154628.0
007 t|
008 030131s1973 sp ||||1| spa d
100 1 _aBenot, Yves.
_927764
245 1 0 _aIdeologías de las independencias africanas /
_cYves Benot ; [traducción de Emilio Pardiñas].
250 _a1ª ed.
260 _aBarcelona :
_bDopesa,
_c[1973]
300 _a379 p. ;
_c21 cm.
700 1 _aPardiñas, Emilio.
_988955
852 _aES-MaACL
_jC-51917
_bR.85455
999 _c32747
_d32747